Statistics for Asian Countries by Containing Letters in 15 Seconds

Click here to take the quiz!

General Stats

  • This quiz has been taken 531 times
  • The average score is 15 of 25

Answer Stats

Letter % Correct
A
100%
I | N
99%
E
88%
S
87%
R
85%
H
83%
T
81%
B
72%
D
71%
M
70%
O
69%
C
67%
U
65%
K
59%
L
52%
P
51%
Y
46%
Z
41%
J
40%
Q
39%
G
37%
V
15%
F
12%
W
9%

Score Distribution

Percentile by Number Answered

Percent of People with Each Score

Your Score History

You have not taken this quiz